[Event "CSK Merania-SC SSV Taufers"]
[Site "?"]
[Date "2013.02.23"]
[Round "10.1"]
[White "Niederkofler, Andreas"]
[Black "Bonagura, Stefano"]
[Result "0-1"]
[WhiteElo "1770"]
[BlackElo "2174"]
[PlyCount "74"]
[EventDate "2013.??.??"]

1. e4 c6 2. Nf3 d5 3. exd5 cxd5 4. Ne5 Nc6 5. d4 Nf6 6. Bb5 Qb6 7. c4 e6 8. Nc3
Bb4 9. O-O O-O 10. Bxc6 bxc6 11. c5 Qa6 12. Qf3 Nd7 13. Bf4 f6 14. Nd3 Bxc3 15.
bxc3 e5 16. Nb4 Qa4 17. Be3 Rb8 18. Qd1 Qxd1 19. Rfxd1 Bb7 20. Rdb1 a5 21. Nd3
Ba6 22. Nc1 a4 23. Rb4 Bb5 24. f3 f5 25. g3 Rbe8 26. Kf2 f4 27. gxf4 exf4 28.
Bd2 Nf6 29. Rab1 g5 30. h3 h5 31. R4b2 g4 32. hxg4 hxg4 33. fxg4 Nxg4+ 34. Kf3
Nh2+ 35. Kf2 f3 36. Rxb5 cxb5 37. Rxb5 Ng4+ 0-1

[Event "CSK Merania-SC SSV Taufers"]
[Site "?"]
[Date "2013.02.23"]
[Round "10.2"]
[White "Teutsch, Alexander"]
[Black "Holzer, Phillipp"]
[Result "1-0"]
[WhiteElo "1906"]
[BlackElo "1759"]
[PlyCount "103"]
[EventDate "2013.??.??"]

1. d4 d5 2. c4 c6 3. cxd5 cxd5 4. Nc3 Nf6 5. Bf4 Nc6 6. e3 Bf5 7. Nf3 e6 8. Ne5
Nd7 9. Nxd7 Qxd7 10. Bb5 Bd6 11. Bxd6 Qxd6 12. O-O O-O 13. Bxc6 Qxc6 14. Rc1
Qd7 15. Qe2 Rac8 16. Rfd1 Rc6 17. f3 Rfc8 18. e4 Bg6 19. Rd2 f6 20. Re1 Re8 21.
Qb5 Re7 22. exd5 exd5 23. Rxe7 Qxe7 24. Re2 Qd7 25. Qxd5+ Qxd5 26. Nxd5 Rc1+
27. Kf2 Rd1 28. Ne7+ Kf7 29. Nxg6 Kxg6 30. Ke3 Kf5 31. Rd2 Re1+ 32. Kd3 b5 33.
Kc3 a5 34. d5 Ke5 35. d6 Rc1+ 36. Kb3 Rc8 37. d7 Rd8 38. a4 bxa4+ 39. Kxa4 Ke6
40. Kxa5 Ke7 41. Kb6 Rxd7 42. Rxd7+ Kxd7 43. Ka6 Kc7 44. b4 Kb8 45. b5 h5 46.
Kb6 h4 47. Kc6 f5 48. Kd5 g5 49. h3 f4 50. Ke5 g4 51. Kxf4 gxh3 52. gxh3 1-0

[Event "CSK Merania-SC SSV Taufers"]
[Site "?"]
[Date "2013.02.23"]
[Round "10.3"]
[White "Forer, Erich"]
[Black "Wild, Alex"]
[Result "1-0"]
[WhiteElo "1733"]
[BlackElo "1650"]
[PlyCount "81"]
[EventDate "2013.??.??"]

1. d4 Nf6 2. Nf3 e6 3. e3 b6 4. Nbd2 Bb7 5. Bd3 d5 6. Ne5 c6 7. O-O Bd6 8. b3
Qc7 9. Bb2 Nbd7 10. f4 a5 11. a3 Ba6 12. c4 c5 13. Qe2 Qb7 14. e4 dxe4 15. Nxe4
Qc7 16. Nxf7 Nxe4 17. Nxh8 Nef6 18. Qxe6+ Be7 19. Rae1 O-O-O 20. Qxe7 Rxh8 21.
d5 Qd8 22. Qd6 Bb7 23. f5 Ne8 24. Qf4 Rf8 25. Qg3 Rf7 26. Bc3 Ndf6 27. Be5 Qd7
28. Bc2 b5 29. Qf2 Ng4 30. Qxc5+ Kd8 31. Qb6+ Kc8 32. Bg3 bxc4 33. Rxe8+ Qxe8
34. Qc5+ Bc6 35. Qxc6+ Qxc6 36. dxc6 Ne3 37. Rc1 Nxc2 38. Rxc2 cxb3 39. Re2 Kd8
40. c7+ Rxc7 41. Bxc7+ 1-0

[Event "CSK Merania-SC SSV Taufers"]
[Site "?"]
[Date "2013.02.23"]
[Round "10.4"]
[White "Hellweger, Stefan"]
[Black "Haidacher, Gerold"]
[Result "1/2-1/2"]
[WhiteElo "1497"]
[BlackElo "1726"]
[PlyCount "113"]
[EventDate "2013.??.??"]

1. e4 e5 2. Nf3 Nc6 3. Bb5 a6 4. Bxc6 dxc6 5. O-O Bd6 6. Nc3 Bg4 7. h3 h5 8. d3
Qf6 9. hxg4 hxg4 10. Ng5 Qh6 11. Nh3 Qh5 12. Be3 gxh3 13. Qxh5 Rxh5 14. g3 Nf6
15. f3 O-O-O 16. Kf2 Nd7 17. Rh1 Bc5 18. Rh2 Bxe3+ 19. Kxe3 Nc5 20. Rah1 Rdh8
21. Ne2 Ne6 22. Ng1 Ng5 23. f4 exf4+ 24. gxf4 Ne6 25. Rxh3 Rxh3+ 26. Rxh3 Rxh3+
27. Nxh3 f6 28. f5 Nf8 29. Nf4 Kd7 30. Nh5 g6 31. fxg6 Nxg6 32. Nxf6+ Ke6 33.
Ne8 Kd7 34. Ng7 c5 35. c3 Ne5 36. b3 Nc6 37. Nf5 b5 38. Kf4 b4 39. c4 Ke6 40.
Ng7+ Kf7 41. Nf5 Ke6 42. Ne3 Ne5 43. Nd5 Nxd3+ 44. Ke3 Nc1 45. Nxc7+ Kd6 46.
Nxa6 Nxa2 47. Kf4 Nc1 48. e5+ Kc6 49. Nb8+ Kc7 50. Na6+ Kc6 51. e6 Nxb3 52. Ke5
Na5 53. Nb8+ Kc7 54. Na6+ Kd8 55. Nxc5 Nxc4+ 56. Kd5 Nb6+ 57. Kc6 1/2-1/2

[Event "CSK Merania-SC SSV Taufers"]
[Site "?"]
[Date "2013.02.23"]
[Round "10.5"]
[White "Ratschiller, Manuel"]
[Black "Zappi, Adriano"]
[Result "0-1"]
[WhiteElo "1495"]
[BlackElo "1504"]
[PlyCount "117"]
[EventDate "2013.??.??"]

1. e4 g6 2. d4 Bg7 3. Nf3 d6 4. Bc4 Nf6 5. Nc3 O-O 6. O-O Bg4 7. h3 Bxf3 8.
Qxf3 c6 9. Be3 Nbd7 10. Rad1 e5 11. d5 c5 12. a3 a6 13. Bg5 h6 14. Bxf6 Qxf6
15. Qxf6 Nxf6 16. a4 g5 17. g4 Nd7 18. a5 Nf6 19. f3 Nd7 20. Na4 Rfb8 21. Nb6
Nxb6 22. axb6 Bf6 23. Rb1 Bd8 24. b4 Bxb6 25. bxc5 Bxc5+ 26. Kg2 b5 27. Bd3 b4
28. Ra1 a5 29. Ra4 Bd4 30. Bc4 Rc8 31. Bb3 Rc5 32. Re1 Ra7 33. Re2 Rc3 34. Kg3
Kg7 35. Kg2 f6 36. Kg3 Kg6 37. Ra2 h5 38. Ra4 Rcc7 39. Ra2 h4+ 40. Kg2 Kf7 41.
Ra4 Ke7 42. Ra2 Rc3 43. Ba4 Ra3 44. Bb3 Rxa2 45. Bxa2 a4 46. Rd2 Rc7 47. Re2
Rc3 48. Rd2 Ra3 49. Bc4 Ra1 50. Re2 Bc3 51. Kf2 a3 52. Kg2 a2 53. Bxa2 Rxa2 54.
Kf1 Kd7 55. Kf2 Kc7 56. Ke3 Kb6 57. Kd3 Kc5 58. Rf2 Ra1 59. Rh2 0-1

[Event "Groeden II-SC Lana"]
[Site "?"]
[Date "2013.02.23"]
[Round "10.1"]
[White "Hoelzl, Matthias"]
[Black "Knottner, Klaus"]
[Result "1-0"]
[WhiteElo "1709"]
[BlackElo "1648"]
[PlyCount "87"]
[EventDate "2013.??.??"]

1. h3 e5 2. c4 Nc6 3. e3 Nf6 4. Be2 d6 5. d3 Be7 6. Nc3 O-O 7. Nf3 a6 8. O-O
Re8 9. a3 Bf8 10. b3 Ne7 11. e4 Ng6 12. Nh2 c6 13. Ng4 Nxg4 14. Bxg4 Qf6 15.
Bxc8 Raxc8 16. g3 Be7 17. Bd2 Bd8 18. Qg4 Bb6 19. Be3 Bc7 20. Rac1 Nf8 21. f4
exf4 22. Rxf4 Qe6 23. Qxe6 Rxe6 24. Rcf1 Rg6 25. g4 f6 26. Rf5 Ne6 27. b4 Re8
28. Kg2 Nd8 29. Ne2 Nf7 30. b5 d5 31. cxd5 cxd5 32. Rxd5 Rd8 33. Rxd8+ Bxd8 34.
Rc1 h5 35. Nf4 Rg5 36. Ne6 Re5 37. Nxd8 Nxd8 38. Rc8 Rxb5 39. Rxd8+ Kh7 40. Rd5
Rb2+ 41. Kf3 g5 42. gxh5 Rh2 43. Kg4 Rg2+ 44. Kf5 1-0

[Event "Groeden II-SC Lana"]
[Site "?"]
[Date "2013.02.23"]
[Round "10.2"]
[White "Goller, Bruno"]
[Black "Pichler, Norbert"]
[Result "0-1"]
[WhiteElo "1455"]
[BlackElo "1617"]
[PlyCount "66"]
[EventDate "2013.??.??"]

1. d4 b5 2. e3 a6 3. Nf3 Bb7 4. c4 bxc4 5. Bxc4 e6 6. Nc3 Nf6 7. O-O Be7 8. a3
O-O 9. b4 d6 10. d5 e5 11. e4 Nbd7 12. Bb2 Nb6 13. Bb3 Nfd7 14. a4 Kh8 15. a5
Nc8 16. Ba4 Na7 17. Qd2 f5 18. exf5 Rxf5 19. Qd3 Rf4 20. Bc2 Nf8 21. Ba3 c6 22.
g3 Rg4 23. h3 Rg6 24. Rad1 Qc8 25. Qf5 Rf6 26. Qxc8 Rxc8 27. Be4 cxd5 28. Nxd5
Bxd5 29. Rxd5 Rc3 30. Rd3 Rxd3 31. Bxd3 Rxf3 32. Rd1 e4 33. Kg2 Rxd3 0-1

[Event "Groeden II-SC Lana"]
[Site "?"]
[Date "2013.02.23"]
[Round "10.3"]
[White "Kofler, Albin"]
[Black "Moroder, Richard"]
[Result "1/2-1/2"]
[WhiteElo "1560"]
[BlackElo "1413"]
[PlyCount "50"]
[EventDate "2013.??.??"]

1. d4 d5 2. c4 e6 3. Nf3 Nc6 4. Bf4 Nf6 5. e3 Be7 6. Bd3 O-O 7. O-O h6 8. Nbd2
Re8 9. Rc1 Nh5 10. Bg3 f5 11. Be5 Bf8 12. a3 Nf6 13. Qc2 Ne4 14. cxd5 Nxd2 15.
Qxd2 Qxd5 16. Bc4 Qd8 17. Qc2 Nxe5 18. Nxe5 Qf6 19. Qe2 Bd6 20. Qh5 Re7 21. f4
Kh7 22. Rf3 Bxe5 23. dxe5 Qg6 24. Qh4 Re8 25. Bd3 c6 1/2-1/2

[Event "Groeden II-SC Lana"]
[Site "?"]
[Date "2013.02.23"]
[Round "10.4"]
[White "Perathoner, Christine"]
[Black "Menghin, Karl"]
[Result "0-1"]
[WhiteElo "1206"]
[BlackElo "1439"]
[PlyCount "68"]
[EventDate "2013.??.??"]

1. e4 Nc6 2. Nf3 e5 3. d3 d6 4. g3 Bg4 5. Nbd2 g6 6. Bg2 Bg7 7. c3 Nf6 8. O-O
O-O 9. Re1 Re8 10. h3 Bd7 11. a3 Qc8 12. Qb3 a6 13. Ng5 Rf8 14. a4 Nd8 15. d4
Ne6 16. Ndf3 exd4 17. cxd4 Rb8 18. e5 Nxg5 19. Bxg5 Ne8 20. d5 Bxh3 21. Kh2
Bxg2 22. Kxg2 f6 23. exf6 Bxf6 24. Bxf6 Rxf6 25. Re7 Rf7 26. Qe3 Ng7 27. Rxf7
Kxf7 28. Ng5+ Kg8 29. Qe7 Qf5 30. f4 Re8 31. Qxc7 Qxd5+ 32. Kh3 h6 33. f5 Qxf5+
34. Kh4 hxg5# 0-1

[Event "Groeden II-SC Lana"]
[Site "?"]
[Date "2013.02.23"]
[Round "10.5"]
[White "Unterthurner, Walter"]
[Black "Dejori, David"]
[Result "1-0"]
[WhiteElo "1341"]
[BlackElo "1357"]
[PlyCount "139"]
[EventDate "2013.??.??"]

1. e4 c5 2. Nf3 Nc6 3. d4 cxd4 4. Nxd4 d6 5. Nc3 g6 6. Be3 Bg7 7. Be2 Nf6 8.
O-O O-O 9. Kh1 a6 10. a4 Qc7 11. f4 e5 12. fxe5 dxe5 13. Nxc6 Qxc6 14. Bf3 Be6
15. Rf2 b5 16. axb5 axb5 17. Rxa8 Rxa8 18. Nd5 Kh8 19. Rd2 h6 20. c3 Ra5 21. h3
Ne8 22. Nb4 Qb7 23. Rd8 Ra8 24. Rxa8 Qxa8 25. Qd2 Kh7 26. Nd3 Nd6 27. Nc5 Nc4
28. Qc1 Bc8 29. b3 Nxe3 30. Qxe3 Bf8 31. b4 Qa1+ 32. Kh2 Qf1 33. Qe2 Qc1 34.
Qd3 Bxc5 35. bxc5 Qa3 36. Qd5 Be6 37. Qxe5 b4 38. cxb4 Qxb4 39. c6 h5 40. c7
Qc4 41. Qd6 Qb5 42. Qxe6 fxe6 43. c8=Q Qe5+ 44. g3 h4 45. Qd7+ Kg8 46. Qd8+ Kf7
47. Qxh4 Qb2+ 48. Bg2 Qd4 49. Qf4+ Kg7 50. e5 Qd7 51. Qf6+ Kh7 52. h4 Qc8 53.
Kh3 Qd7 54. Be4 Qc8 55. h5 Qd7 56. Bxg6+ Kg8 57. h6 Qc7 58. h7+ Qxh7+ 59. Bxh7+
Kxh7 60. g4 Kg8 61. g5 Kh7 62. Qf7+ Kh8 63. Qf8+ Kh7 64. Kh4 Kg6 65. Qf6+ Kh7
66. g6+ Kg8 67. Qf7+ Kh8 68. g7+ Kh7 69. g8=Q+ Kh6 70. Qfg6# 1-0

[Event "Groeden-J. Richter/LASK BZ"]
[Site "?"]
[Date "2013.02.23"]
[Round "10.1"]
[White "Moncher, Stefano"]
[Black "Demetz, Rainer"]
[Result "1-0"]
[WhiteElo "2182"]
[BlackElo "2170"]
[PlyCount "49"]
[EventDate "2013.??.??"]

1. f4 Nf6 2. Nf3 g6 3. g3 Bg7 4. Bg2 O-O 5. O-O c5 6. d3 Nc6 7. Nc3 d6 8. Nh4
Rb8 9. a4 Bd7 10. f5 e6 11. e4 Nd4 12. Bg5 gxf5 13. exf5 h6 14. Bf4 Bc6 15. Ne4
e5 16. Be3 Be8 17. c3 Nc6 18. Nxf6+ Qxf6 19. Qh5 e4 20. dxe4 Bd7 21. g4 Rfe8
22. g5 hxg5 23. Bxg5 Qe5 24. f6 Bh8 25. Ng6 1-0

[Event "Groeden-J. Richter/LASK BZ"]
[Site "?"]
[Date "2013.02.23"]
[Round "10.2"]
[White "Bernardi, Ruben"]
[Black "Billio, Atto"]
[Result "1-0"]
[WhiteElo "2102"]
[BlackElo "1994"]
[PlyCount "75"]
[EventDate "2013.??.??"]

1. e4 c5 2. Nf3 e6 3. d4 cxd4 4. Nxd4 a6 5. c4 Nf6 6. Nc3 d6 7. g3 Qc7 8. Be3
Nbd7 9. Rc1 b6 10. Bg2 Bb7 11. O-O Rc8 12. b3 Qb8 13. f3 Be7 14. Nde2 O-O 15.
g4 h6 16. Ng3 b5 17. f4 bxc4 18. b4 Nh7 19. Qd2 Rfd8 20. Rfd1 Ndf6 21. Qe2 Nd7
22. a3 Qa8 23. h3 g5 24. f5 Ne5 25. Na4 Nd3 26. Rxc4 Rxc4 27. Nb6 Qb8 28. Nxc4
Nf4 29. Bxf4 gxf4 30. Nh5 e5 31. Nb2 Rc8 32. Nd3 Rc3 33. Qb2 Qa7+ 34. Nc5 dxc5
35. b5 Qb8 36. Qxc3 axb5 37. Rd7 b4 38. Qb3 1-0

[Event "Groeden-J. Richter/LASK BZ"]
[Site "?"]
[Date "2013.02.23"]
[Round "10.3"]
[White "Bevilacqua, Maurizio"]
[Black "Moroder, Stephan"]
[Result "0-1"]
[WhiteElo "1974"]
[BlackElo "2083"]
[PlyCount "82"]
[EventDate "2013.??.??"]

1. d4 Nf6 2. Nf3 g6 3. c4 Bg7 4. Nc3 O-O 5. e4 d6 6. Be2 e5 7. d5 a5 8. O-O
Nbd7 9. Bg5 h6 10. Bh4 Nc5 11. Nd2 Bd7 12. Qc2 Qe8 13. Nb5 Rc8 14. a3 a4 15.
Rab1 b6 16. f3 Nh5 17. Rfe1 Nf4 18. Bf1 f5 19. b4 axb3 20. Nxb3 Nb7 21. a4 g5
22. Bg3 Qg6 23. a5 bxa5 24. c5 c6 25. dxc6 Rxc6 26. Na7 Rxc5 27. Nxc5 Nxc5 28.
Rb6 Rf6 29. Bc4+ Kh7 30. Rb8 Bf8 31. Nb5 g4 32. Bxf4 exf4 33. e5 dxe5 34. Rxe5
g3 35. Rxf8 Rxf8 36. Re7+ Kh8 37. hxg3 Qf6 38. Qe2 fxg3 39. Qe3 Bxb5 40. Bxb5
Ne4 41. Ra7 f4 0-1

[Event "Groeden-J. Richter/LASK BZ"]
[Site "?"]
[Date "2013.02.23"]
[Round "10.4"]
[White "Moroder, Thomas"]
[Black "De Vita, Gianni"]
[Result "1-0"]
[WhiteElo "1894"]
[BlackElo "1973"]
[PlyCount "51"]
[EventDate "2013.??.??"]

1. e4 e5 2. Nf3 Nc6 3. d4 exd4 4. Nxd4 Bc5 5. Be3 Qf6 6. c3 Nge7 7. Bc4 Ne5 8.
Be2 Bb6 9. O-O O-O 10. f4 N5c6 11. Nc2 Bxe3+ 12. Nxe3 d6 13. Na3 a6 14. Qd2 Re8
15. Rf3 Qh4 16. Raf1 Ng6 17. f5 Nge5 18. Rf4 Qd8 19. Qe1 Ne7 20. Qg3 f6 21. Rh4
d5 22. exd5 c6 23. dxc6 Qd2 24. Bc4+ Nxc4 25. Naxc4 Qd8 26. Rd4 1-0

[Event "Groeden-J. Richter/LASK BZ"]
[Site "?"]
[Date "2013.02.23"]
[Round "10.5"]
[White "Kowalczyk, Martin"]
[Black "Prinoth, Franz"]
[Result "0-1"]
[WhiteElo "1887"]
[BlackElo "1772"]
[PlyCount "84"]
[EventDate "2013.??.??"]

1. e4 e5 2. Nf3 Nc6 3. Bb5 a6 4. Bxc6 dxc6 5. O-O Bg4 6. h3 Bxf3 7. Qxf3 Bc5 8.
d3 Qf6 9. Qg3 h6 10. Nd2 Ne7 11. Nc4 Ng6 12. Kh1 b5 13. Be3 Be7 14. Na5 O-O 15.
f4 exf4 16. Bxf4 Nxf4 17. Qxf4 Qxb2 18. Nxc6 Bg5 19. Qxc7 Rac8 20. Qd7 Qxc2 21.
Ne5 Rc7 22. Qg4 Qc3 23. Nf3 Qxd3 24. Nxg5 hxg5 25. Qxg5 Qxe4 26. Rae1 Qg6 27.
Qd5 Qc6 28. Qh5 Qc4 29. Rf2 Rc5 30. Qf3 Qd5 31. Qg3 b4 32. Rf4 Rc3 33. Qg4 Qd2
34. Ref1 Rc1 35. Rxc1 Qxc1+ 36. Kh2 Qc7 37. h4 a5 38. h5 Qd6 39. Kh3 Qe6 40.
Rf5 Rc8 41. Rxa5 Rc3+ 42. g3 Qc6 0-1

[Event "Groeden-J. Richter/LASK BZ"]
[Site "?"]
[Date "2013.02.23"]
[Round "10.6"]
[White "Grossi, Christian"]
[Black "Di Lazzaro, Gabriele"]
[Result "0-1"]
[WhiteElo "1770"]
[BlackElo "1814"]
[PlyCount "78"]
[EventDate "2013.??.??"]

1. d4 Nf6 2. c4 c5 3. d5 b5 4. cxb5 a6 5. e3 g6 6. Nc3 Bg7 7. Nf3 O-O 8. bxa6
Bxa6 9. Bxa6 Nxa6 10. O-O d6 11. Nd2 Nd7 12. Nc4 Nb4 13. a3 Nb6 14. Nxb6 Qxb6
15. Rb1 Na6 16. Qc2 Rfb8 17. b3 Nc7 18. Rd1 Qa5 19. Ne4 Nb5 20. b4 Nxa3 21.
Bxa3 Qxa3 22. bxc5 Rxb1 23. Rxb1 dxc5 24. Nxc5 Rc8 25. Ne6 Qa6 26. Nc7 Qd6 27.
Rb7 g5 28. Ra7 Qb6 29. Ne6 Qxe6 30. dxe6 Rxc2 31. Ra8+ Bf8 32. exf7+ Kxf7 33.
g3 Bg7 34. Ra5 h6 35. Rf5+ Ke6 36. g4 Rc4 37. h3 Rb4 38. Kg2 Be5 39. h4 Rxg4+
0-1

[Event "SC Naturns Jambo II-SK Ehrenburg"]
[Site "?"]
[Date "2013.02.23"]
[Round "10.1"]
[White "Jedinger, Andreas"]
[Black "Gurschler, Gregor"]
[Result "1-0"]
[WhiteElo "2136"]
[BlackElo "1743"]
[PlyCount "71"]
[EventDate "2013.??.??"]

1. e4 g6 2. d4 Bg7 3. Nc3 d6 4. Be3 a6 5. Qd2 Nd7 6. Nf3 b6 7. O-O-O Bb7 8. Bd3
h6 9. Rhe1 e6 10. Kb1 Ne7 11. h4 Nf6 12. Nh2 h5 13. f3 Qd7 14. Nf1 c5 15. dxc5
dxc5 16. Qf2 Qc7 17. Nd2 Rc8 18. a4 Nc6 19. Nc4 Ne5 20. Nd6+ Ke7 21. Nxc8+ Rxc8
22. Bg5 Nxd3 23. Rxd3 Kf8 24. Red1 Bc6 25. Qd2 Ke8 26. Bf4 e5 27. Bg5 Nd7 28.
Nd5 Qb7 29. Ne7 Rc7 30. Nxc6 Qxc6 31. b3 f6 32. Rd6 Qb7 33. Bh6 Bf8 34. Bxf8
Nxf8 35. Rxf6 Rd7 36. Rxf8+ 1-0

[Event "SC Naturns Jambo II-SK Ehrenburg"]
[Site "?"]
[Date "2013.02.23"]
[Round "10.2"]
[White "Kaserer, Hanspeter"]
[Black "Flatscher, Tobias"]
[Result "1/2-1/2"]
[WhiteElo "1725"]
[BlackElo "1704"]
[PlyCount "71"]
[EventDate "2013.??.??"]

1. d4 d5 2. Nf3 Nf6 3. e3 c6 4. Bd3 Bg4 5. Nbd2 e6 6. O-O Be7 7. c3 Nbd7 8. e4
dxe4 9. Nxe4 Nxe4 10. Bxe4 Nf6 11. Bc2 Qd5 12. Re1 Bxf3 13. gxf3 Bd6 14. f4
O-O-O 15. b3 Bc7 16. Be3 h5 17. f3 Qd6 18. Qd2 Nd5 19. f5 Nxe3 20. Rxe3 e5 21.
Rd1 exd4 22. cxd4 Qf6 23. Re2 Bb6 24. Re4 Rd5 25. Qe2 Bxd4+ 26. Kh1 Kb8 27. Re7
Rhd8 28. Re8 Rxe8 29. Qxe8+ Rd8 30. Qe4 h4 31. Qf4+ Kc8 32. Be4 g5 33. Qc1 h3
34. Qc4 Be3 35. Rxd8+ Qxd8 36. Qd3 1/2-1/2

[Event "SC Naturns Jambo II-SK Ehrenburg"]
[Site "?"]
[Date "2013.02.23"]
[Round "10.3"]
[White "Messner, Alex"]
[Black "Naegele, Raimund"]
[Result "0-1"]
[WhiteElo "1618"]
[BlackElo "1653"]
[PlyCount "33"]
[EventDate "2013.??.??"]

1. c4 c6 2. g3 d5 3. cxd5 cxd5 4. Bg2 Nf6 5. d4 Bf5 6. Nc3 e6 7. Qb3 Qd7 8. Nf3
Nc6 9. Nh4 Nxd4 10. Qd1 Nc2+ 11. Kf1 Nxa1 12. Nxf5 exf5 13. Bf4 d4 14. Qxa1
dxc3 15. bxc3 Rc8 16. Ke1 Bc5 17. Qd1 0-1

[Event "SC Naturns Jambo II-SK Ehrenburg"]
[Site "?"]
[Date "2013.02.23"]
[Round "10.4"]
[White "Christanell, Anton"]
[Black "Babinetz, Rainer"]
[Result "1/2-1/2"]
[WhiteElo "1581"]
[BlackElo "1897"]
[PlyCount "126"]
[EventDate "2013.??.??"]

1. d4 d6 2. Nf3 g6 3. e3 Bg7 4. b3 c5 5. Bb2 Nc6 6. Be2 Nh6 7. O-O O-O 8. Qc1
cxd4 9. Nxd4 Nxd4 10. exd4 Qa5 11. Bc3 Qc7 12. Bb2 Bf5 13. d5 Qxc2 14. Bxg7
Kxg7 15. Qe3 Rac8 16. Na3 Qe4 17. Bf3 Qxe3 18. fxe3 Bd3 19. Rfc1 Nf5 20. Kf2 h5
21. Be2 Be4 22. Bf3 Bxf3 23. gxf3 a6 24. Nc4 Nh6 25. Nb6 Rxc1 26. Rxc1 e6 27.
Rc7 exd5 28. Rxb7 d4 29. exd4 Nf5 30. Rd7 Kf6 31. Ra7 Ke6 32. Rxa6 Nxd4 33. Nc4
Rd8 34. Rb6 Kd5 35. Ra6 Kc5 36. Ra5+ Kb4 37. Rd5 Nf5 38. Ne5 Rc8 39. Nxf7 Rc2+
40. Kg1 Rxa2 41. Nxd6 Ra1+ 42. Kf2 Ra2+ 43. Ke1 Ne3 44. Rd3 Nc2+ 45. Kf2 Nd4+
46. Kg3 Nxb3 47. Nf7 Nd2 48. h3 Nf1+ 49. Kf4 Ra5 50. Ne5 g5+ 51. Kf5 h4 52. Ke6
Ra2 53. Rd4+ Kc3 54. Rg4 Rh2 55. Rxg5 Rxh3 56. f4 Re3 57. f5 Nh2 58. f6 Nf3 59.
Rh5 Nxe5 60. Rxe5 Rxe5+ 61. Kxe5 h3 62. f7 h2 63. f8=Q h1=Q 1/2-1/2

[Event "SC Naturns Jambo II-SK Ehrenburg"]
[Site "?"]
[Date "2013.02.23"]
[Round "10.5"]
[White "Mitterhofer, Martin"]
[Black "Wielander, Wolfgang"]
[Result "1/2-1/2"]
[WhiteElo "1560"]
[BlackElo "1416"]
[PlyCount "50"]
[EventDate "2013.??.??"]

1. e4 c5 2. Nf3 d6 3. Bb5+ Bd7 4. Bxd7+ Nxd7 5. b3 Ngf6 6. Nc3 e6 7. O-O Be7 8.
d3 O-O 9. Re1 a6 10. a4 b6 11. h3 Ne8 12. Bf4 Bf6 13. Qd2 Ne5 14. Nxe5 Bxe5 15.
Bxe5 dxe5 16. Nd1 Nf6 17. Ne3 Nxe4 18. Qe2 Nc3 19. Qd2 Qd4 20. Nc4 e4 21. dxe4
b5 22. Qxd4 cxd4 23. axb5 axb5 24. Nb2 Rxa1 25. Rxa1 Nxe4 1/2-1/2

[Event "SC Naturns Jambo II-SK Ehrenburg"]
[Site "?"]
[Date "2013.02.23"]
[Round "10.6"]
[White "Zoeschg, Herbert"]
[Black "Gruber, Alexander"]
[Result "0-1"]
[WhiteElo "1461"]
[BlackElo "1796"]
[PlyCount "72"]
[EventDate "2013.??.??"]

1. d4 e6 2. Nf3 d5 3. Bf4 Nf6 4. e3 c5 5. c3 Nc6 6. Nbd2 Be7 7. h3 O-O 8. Be2
b6 9. Qc2 Bd6 10. Bxd6 Qxd6 11. O-O e5 12. dxe5 Nxe5 13. Rfd1 Be6 14. Ng5 g6
15. Nxe6 fxe6 16. Bf3 Rad8 17. e4 Nxf3+ 18. gxf3 Nh5 19. exd5 exd5 20. Qd3 Rf5
21. Qe3 Qf6 22. Re1 Kf7 23. Rad1 Nf4 24. Kh2 Qh4 25. Qe7+ Qxe7 26. Rxe7+ Kxe7
27. Kg3 Nd3 28. b3 Ne5 29. Re1 Kf7 30. f4 Nd3 31. Re3 Nxf4 32. Kh2 Re8 33. a4
Rxe3 34. fxe3 Nd3 35. Kg3 Rf2 36. Nf3 Rxf3+ 0-1

[Event "SK Deutschnofen-ASD Arci Scacchi II"]
[Site "?"]
[Date "2013.02.23"]
[Round "10.1"]
[White "Paltrinieri, Mario"]
[Black "Thurner, Markus"]
[Result "0-1"]
[WhiteElo "1379"]
[BlackElo "1847"]
[PlyCount "91"]
[EventDate "2013.??.??"]

1. b3 e6 2. Bb2 f5 3. e3 Nf6 4. Nf3 Be7 5. c4 O-O 6. Be2 Qe8 7. Nd4 d6 8. Qc2
Nc6 9. f4 Qg6 10. O-O Nb4 11. Qd1 c5 12. Nc2 Nxc2 13. Qxc2 Bd7 14. Nc3 Bc6 15.
Bf3 Rac8 16. Bxc6 Rxc6 17. Rf3 Qe8 18. Raf1 d5 19. cxd5 Nxd5 20. Rg3 Bf6 21.
Nxd5 exd5 22. Ba3 Qe4 23. d3 Qe6 24. Qd2 Re8 25. Bc1 c4 26. bxc4 dxc4 27. dxc4
Rxc4 28. Bb2 Re4 29. Bxf6 Qxf6 30. Qd5+ Qf7 31. Qc5 b6 32. Qc3 g6 33. h4 h5 34.
Re1 Kh7 35. Re2 Rxf4 36. Rd2 Rfe4 37. Qc6 Rxe3 38. Rd7 R8e7 39. Rxe3 Rxd7 40.
Qc3 Qd5 41. Kh2 Qd6+ 42. Kh3 Qf4 43. Rg3 Rd4 44. Kh2 Qxh4+ 45. Rh3 Qf4+ 46. Kg1
0-1

[Event "SK Deutschnofen-ASD Arci Scacchi II"]
[Site "?"]
[Date "2013.02.23"]
[Round "10.2"]
[White "Gibitz, Othmar"]
[Black "Gasparro, Antonio"]
[Result "1/2-1/2"]
[WhiteElo "1592"]
[BlackElo "1388"]
[PlyCount "83"]
[EventDate "2013.??.??"]

1. e4 d6 2. d4 Nf6 3. Nc3 g6 4. Nf3 Bg7 5. h3 O-O 6. Bd3 Nbd7 7. Bg5 e5 8. dxe5
dxe5 9. Qd2 c6 10. O-O Qc7 11. b4 Nb6 12. Qe3 Be6 13. Bh6 Nc4 14. Bxc4 Bxc4 15.
Rfd1 Ba6 16. Bxg7 Kxg7 17. Qc5 Nd7 18. Qd6 Qxd6 19. Rxd6 Nf6 20. Nxe5 Rad8 21.
Rad1 Rxd6 22. Rxd6 Re8 23. f4 Re7 24. g3 Ne8 25. Rd4 Nc7 26. a4 f6 27. Nd3 b6
28. e5 fxe5 29. Nxe5 Bb7 30. Kf2 Ne6 31. Rd7 Rxd7 32. Nxd7 Nd4 33. b5 Nxc2 34.
Ke2 cxb5 35. axb5 Bc8 36. Ne5 Bxh3 37. Nc6 Bd7 38. Nxa7 Na3 39. Kd3 Kf6 40. Kd4
Kf5 41. Ke3 Kg4 42. Kf2 1/2-1/2

[Event "SK Deutschnofen-ASD Arci Scacchi II"]
[Site "?"]
[Date "2013.02.23"]
[Round "10.3"]
[White "Olivetti, Davide"]
[Black "Hofer, Alois"]
[Result "0-1"]
[WhiteElo "1428"]
[BlackElo "1559"]
[PlyCount "147"]
[EventDate "2013.??.??"]

1. e4 e5 2. d4 exd4 3. c3 dxc3 4. Bc4 Qf6 5. Nxc3 Bb4 6. Nge2 Ne7 7. O-O O-O 8.
Qb3 Bc5 9. e5 Qb6 10. Qc2 d6 11. exd6 Bxd6 12. Be3 Qa5 13. Ng3 Nbc6 14. Bd3 Ng6
15. Nce4 Qe5 16. f4 Qe7 17. f5 Nb4 18. Qd2 Nxd3 19. fxg6 Bxg3 20. gxh7+ Kh8 21.
Qxd3 Rd8 22. Rxf7 Bxh2+ 23. Kh1 Qh4 24. Bg5 Rxd3 25. Bxh4 Be5 26. Ng5 Bg4 27.
Raf1 Bd6 28. Be1 Rd5 29. Nh3 Kxh7 30. Bc3 Rg8 31. Nf4 Rf5 32. Rxf5 Bxf5 33. Nh3
Kg6 34. Nf4+ Kg5 35. Nh3+ Kg6 36. Nf4+ Kh7 37. Nh3 g6 38. Ng5+ Kh6 39. Bd2 Kh5
40. Re1 Kg4 41. Ne4 Rh8+ 42. Kg1 Bxe4 43. Rxe4+ Kf5 44. Ra4 a6 45. Ra5+ Ke6 46.
Rg5 Kf7 47. Rg4 Rh5 48. Re4 Re5 49. Rh4 Bc5+ 50. Kh1 Rh5 51. Rxh5 gxh5 52. g3
Kg6 53. Kg2 Kf5 54. Kf3 Bd6 55. b4 b6 56. Be1 c5 57. bxc5 bxc5 58. a4 Be5 59.
Bd2 c4 60. Bc1 c3 61. Be3 c2 62. Bc1 Bc3 63. Ke2 Kg4 64. Kf2 Be5 65. a5 Bxg3+
66. Kg2 h4 67. Bd2 h3+ 68. Kf1 Kf3 69. Kg1 Be1 70. Bxe1 c1=Q 71. Kf1 Qd1 72.
Kg1 Qe2 73. Bf2 Qxf2+ 74. Kh1 0-1

[Event "SK Deutschnofen-ASD Arci Scacchi II"]
[Site "?"]
[Date "2013.02.23"]
[Round "10.4"]
[White "Welsch, Ulrich"]
[Black "Scarabello, Graziano"]
[Result "1/2-1/2"]
[WhiteElo "1459"]
[BlackElo "1320"]
[PlyCount "50"]
[EventDate "2013.??.??"]

1. d4 d5 2. c4 c6 3. Nd2 Bf5 4. Ngf3 f6 5. e3 Bg4 6. Qc2 e6 7. Bd3 Bb4 8. Bxh7
Bxf3 9. Bxg8 Be4 10. Qb3 Bxd2+ 11. Bxd2 Rxg8 12. Qxb7 Nd7 13. Qxc6 Kf7 14. f3
Rc8 15. Qa4 Rxc4 16. Qxa7 Bg6 17. O-O f5 18. Ba5 Qe7 19. Bc3 Rgc8 20. a4 R8c7
21. Qa5 Nf6 22. Ra3 Ra7 23. Qb5 Rb7 24. Qa5 Ra7 25. Qb5 Rb7 1/2-1/2